000 00573aas a22001814i 4500
999 _c49650
_d49650
001 768714001
003 CO-MdFUSB
005 20180406125452.0
008 170426s1990 sp ||||| |||| 00| 0 spa d
040 _aCO-MdFUSB
_bspa
_cCO-MdFUSB
_dCO-MdFUSB
041 _aspa
100 1 _aGuiness, Os
_eautor
245 1 3 _aLa violencia :
_bun estudio de las actitudes contemporáneas
300 _aVolumen 4, (1990) Páginas 11 - 41
_c: 21 cm.
650 7 _972
_aPsicología social
773 0 _tAndamio
_049451
_960423
_gVolumen 4, (1990) Páginas 11 - 41
_qPágina 11
942 _cANA